Principles of public health microbiology / (Record no. 17251)

MARC details
000 -LEADER
fixed length control field 01619cam a22003374i 4500
001 - CONTROL NUMBER
control field 16604699
003 - CONTROL NUMBER IDENTIFIER
control field EG-ScBUE
005 - DATE AND TIME OF LATEST TRANSACTION
control field 20260318094501.0
008 - FIXED-LENGTH DATA ELEMENTS--GENERAL INFORMATION
fixed length control field 110106t2012 maua f b 001 0 eng d
020 ## - INTERNATIONAL STANDARD BOOK NUMBER
International Standard Book Number 9780763779825 (pbk.)
040 ## - CATALOGING SOURCE
Original cataloging agency EG-ScBUE
Language of cataloging eng
Description conventions rda
Transcribing agency EG-ScBUE
Modifying agency EG-ScBUE
082 04 - DEWEY DECIMAL CLASSIFICATION NUMBER
Classification number 579.17
Edition number 22
Item number BUR
100 1# - MAIN ENTRY--PERSONAL NAME
Personal name Burlage, Robert S.,
9 (RLIN) 32471
Relator term author.
245 10 - TITLE STATEMENT
Title Principles of public health microbiology /
Statement of responsibility, etc Robert S. Burlage, Ph.D., professor, College of Health Sciences, School of Public Health, University of Wisconsin-Milwaukee, Milwaukee, Wisconsin.
264 #1 - PUBLICATION, DISTRIBUTION, ETC. (IMPRINT)
Place of publication, distribution, etc Sudbury, MA :
Name of publisher, distributor, etc Jones & Bartlett Learning,
Date of publication, distribution, etc [2012]
264 #4 - PUBLICATION, DISTRIBUTION, ETC. (IMPRINT)
Date of publication, distribution, etc c2012
300 ## - PHYSICAL DESCRIPTION
Extent xvi, 417 pages :
Other physical details illustrations ;
Dimensions 23 cm
336 ## - CONTENT TYPE
Source rdacontent
Content type term text
Content type code txt
337 ## - MEDIA TYPE
Media type term unmediated
Source rdamedia
Media type code n
338 ## - CARRIER TYPE
Carrier type term volume
Carrier type code nc
Source rdacarrier
500 ## - GENERAL NOTE
General note Includes Appendices.
504 ## - BIBLIOGRAPHY, ETC. NOTE
Bibliography, etc Includes bibliographical references and index.
505 0# - FORMATTED CONTENTS NOTE
Formatted contents note The scope of public health microbiology -- The importance of water -- Water treatment -- Waterborne diseases -- Wastewater treatment -- Case studies on water and wastewater -- Food -- Meat production -- Dairy products -- Food preservation -- Vaccines -- Sexually transmitted diseases -- Airborne diseases -- Vectorborne and zoonotic diseases -- Biowarfare -- Surveillance, monitoring, communication.
650 #7 - SUBJECT ADDED ENTRY--TOPICAL TERM
Topical term or geographic name as entry element Microbial ecology.
9 (RLIN) 32472
Source of heading or term BUEsh
650 #7 - SUBJECT ADDED ENTRY--TOPICAL TERM
Topical term or geographic name as entry element Public health.
9 (RLIN) 12351
Source of heading or term BUEsh
650 #7 - SUBJECT ADDED ENTRY--TOPICAL TERM
Topical term or geographic name as entry element Environmental Microbiology.
9 (RLIN) 32473
Source of heading or term BUEsh
650 #7 - SUBJECT ADDED ENTRY--TOPICAL TERM
Topical term or geographic name as entry element Public Health.
9 (RLIN) 12351
Source of heading or term BUEsh
653 ## - INDEX TERM--UNCONTROLLED
Arrived date list February2013
655 ## - INDEX TERM--GENRE/FORM
Form subdivision Reading book
942 ## - ADDED ENTRY ELEMENTS (KOHA)
Source of classification or shelving scheme Dewey Decimal Classification
Koha item type Book - Borrowing
Holdings
Withdrawn status Lost status Source of classification or shelving scheme Damaged status Not for loan Collection code Home library Current library Shelving location Date acquired Source of acquisition Cost, normal purchase price Serial Enumeration / chronology Total Checkouts Total Renewals Full call number Barcode Date last seen Date checked out Price effective from Koha item type
    Dewey Decimal Classification       Central Library Central Library First floor 06/02/2013   480.00 139 3 2 579.17 BUR 000028021 15/07/2025 11/02/2020 06/02/2013 Book - Borrowing